000 00480nam a2200169 i 4500
001 74835
003 ES-MaACL
005 20230906172248.0
007 t|
008 040921s1965 sp ||||1| spa d
100 1 _aGranero, Jesús María.
_959627
245 1 0 _aOración evangélica /
_cJesús María Granero.
250 _a4ª ed. ref.
260 _aMadrid :
_bRazón y Fé,
_c[1959] (
_fGráficas Halar)
300 _a1415 p. ;
_c18 cm.
852 _aES-MaACL
_jC-27904
_bR.57304
999 _c74835
_d74835